Pakistan health & population welfare facilities atlas (Record no. 4807)
[ view plain ]
| 000 -LEADER | |
|---|---|
| fixed length control field | 00711 a2200157 4500 |
| 040 ## - CATALOGING SOURCE | |
| Original cataloging agency | DLC |
| Language of cataloging | DLC |
| 245 00 - TITLE STATEMENT | |
| Title | Pakistan health & population welfare facilities atlas |
| Statement of responsibility, etc. | Mushtaq A. Khan. |
| 246 3# - VARYING FORM OF TITLE | |
| Title proper/short title | Pakistan health and population welfare facilities atlas |
| 260 ## - PUBLICATION, DISTRIBUTION, ETC. | |
| Place of publication, distribution, etc. | Islamabad : |
| Name of publisher, distributor, etc. | Centre for research on poverty Reduction and Income Distribution, incollaboration with Unicef Pakistan, |
| Date of publication, distribution, etc. | 2003. |
| 300 ## - PHYSICAL DESCRIPTION | |
| Extent | 1 atlas (various pagings) : |
| Other physical details | col. ill, maps ; |
| Dimensions | 29 x 42 cm. |
| 500 ## - GENERAL NOTE | |
| General note | "Geographic information system for health sector". |
| 700 1# - ADDED ENTRY--PERSONAL NAME | |
| Personal name | Khan, Mushtaq A. |
| 710 2# - ADDED ENTRY--CORPORATE NAME | |
| Corporate name or jurisdiction name as entry element | Centre for Research on Poverty Reduction and Income Distribution (Pakistan) |
| 710 2# - ADDED ENTRY--CORPORATE NAME | |
| Corporate name or jurisdiction name as entry element | UNICEF Pakistan. |
| 942 ## - ADDED ENTRY ELEMENTS (KOHA) | |
| Koha item type | Book |
| Call number prefix | 912 MUS |
| Source of classification or shelving scheme | |
| Withdrawn status | Lost status | Damaged status | Not for loan | Collection code | Permanent Location | Current Location | Shelving location | Date acquired | Source of acquisition | Full call number | Barcode | Date last seen | Price effective from | Koha item type |
|---|---|---|---|---|---|---|---|---|---|---|---|---|---|---|
| Central Library (CL) | Central Library (CL) | General Stacks | 09/01/2003 | Donation | 912 MUS | SEECS003787 | 11/14/2012 | 01/05/2017 | Reference |
